[Event "M.Chigorin Memorial"]
[Site "St. Petersburg RUS"]
[Date "2009.10.20"]
[Round "5.36"]
[White "Bocharov, Dmitry"]
[Black "Solovjov, Sergey I"]
[Result "1-0"]
[WhiteElo "2607"]
[BlackElo "2398"]
[PlyCount "61"]
[EventDate "2009.??.??"]

1. d4 d5 2. Nf3 Nf6 3. c4 c6 4. e3 e6 5. b3 Nbd7 6. Bb2 Bd6 7. Bd3 O-O 8. O-O
Qe7 9. Ne5 c5 10. f4 b6 11. Nc3 Bb7 12. cxd5 cxd4 13. Nb5 Nxe5 14. fxe5 Bxe5
15. exd4 Bd6 16. Nxd6 Qxd6 17. Rxf6 gxf6 18. Qg4+ Kh8 19. Qh4 f5 20. dxe6 fxe6
21. d5+ e5 22. Re1 Rae8 23. Qg3 Qg6 24. Bxe5+ Kg8 25. d6 Bd5 26. Qf2 Re6 27.
Re3 Qf7 28. Rg3+ Rg6 29. Bc3 Rxg3 30. hxg3 Qh5 31. Qd4 1-0

[Event "M.Chigorin Memorial"]
[Site "St. Petersburg RUS"]
[Date "2009.10.20"]
[Round "5.37"]
[White "Ponfilenok, Vladimir"]
[Black "Iordachescu, Viorel"]
[Result "0-1"]
[WhiteElo "2440"]
[BlackElo "2607"]
[PlyCount "142"]
[EventDate "2009.??.??"]

1. d4 Nf6 2. Nf3 g6 3. g3 Bg7 4. Bg2 d5 5. O-O O-O 6. c4 dxc4 7. Na3 c3 8. bxc3
c5 9. e3 Nc6 10. Qe2 Bf5 11. Rd1 Qb6 12. Bb2 Rfd8 13. Nc4 Qa6 14. Bf1 Rac8 15.
a4 Na5 16. Nfe5 cxd4 17. cxd4 Nxc4 18. Nxc4 Bg4 19. f3 Be6 20. Rdc1 Bh6 21. Kf2
Nd5 22. Ra3 Nb4 23. Rcc3 b6 24. Bc1 Nd5 25. Rc2 Nb4 26. Rcc3 Qb7 27. Bd2 a5 28.
Qd1 Bg7 29. Nb2 Rxc3 30. Rxc3 Bd5 31. Nc4 f6 32. e4 Bf7 33. Be3 f5 34. e5 Nd5
35. Rb3 Qc6 36. Qd3 Qxa4 37. Ra3 Qc6 38. f4 Nb4 39. Qe2 Rc8 40. Nd2 Bd5 41. g4
e6 42. gxf5 exf5 43. Nb1 Qc2 44. Qxc2 Rxc2+ 45. Kg3 Bf8 46. Rc3 Ba2 47. d5 Bxd5
48. Bxb6 a4 49. Bd4 Bb3 50. Na3 Rxc3+ 51. Bxc3 Nd5 52. Bb2 Ne3 53. Bd3 Bb4 54.
Kf3 Nd5 55. Bc1 Nc3 56. Nc2 Bc5 57. Kg2 Kf7 58. Na3 Ke6 59. Ba6 Nd5 60. Bc8+
Ke7 61. Nb5 Nb6 62. Bb7 Bd5+ 63. Bxd5 Nxd5 64. Kf3 Kd7 65. Bb2 Kc6 66. Nd4+
Bxd4 67. Bxd4 a3 68. Ba1 Kc5 69. h4 h5 70. Kg3 Nc7 71. Kf3 Ne6 0-1

[Event "M.Chigorin Memorial"]
[Site "St. Petersburg RUS"]
[Date "2009.10.20"]
[Round "5.38"]
[White "Safarli, Eltaj"]
[Black "Malakhov, Igor"]
[Result "1-0"]
[WhiteElo "2587"]
[BlackElo "2414"]
[PlyCount "73"]
[EventDate "2009.??.??"]

1. e4 c5 2. Nf3 e6 3. Nc3 a6 4. g3 b5 5. Bg2 Bb7 6. d3 d6 7. Ng5 Be7 8. f4 Nc6
9. O-O Bxg5 10. fxg5 Nge7 11. Be3 O-O 12. Ne2 e5 13. c3 Bc8 14. Qd2 Be6 15. h4
Bg4 16. Kh2 Rb8 17. Ng1 b4 18. Nh3 bxc3 19. bxc3 Qb6 20. Rac1 Qa5 21. Rc2 Rbd8
22. Nf2 Be6 23. h5 f5 24. exf5 Bxf5 25. h6 d5 26. hxg7 Rf7 27. Qe2 c4 28. Ng4
cxd3 29. Nh6+ Kxg7 30. Qh5 Rff8 31. Rcf2 Bg6 32. Rf7+ Rxf7 33. Rxf7+ Kh8 34.
Qf3 Ng8 35. Rb7 Nb8 36. Bb6 Qb5 37. Bxd8 1-0

[Event "M.Chigorin Memorial"]
[Site "St. Petersburg RUS"]
[Date "2009.10.20"]
[Round "5.39"]
[White "Utegaliyev, Azamat"]
[Black "Matlakov, Maxim"]
[Result "0-1"]
[WhiteElo "2427"]
[BlackElo "2574"]
[PlyCount "124"]
[EventDate "2009.??.??"]

1. Nf3 d5 2. b3 Nf6 3. Bb2 Bg4 4. g3 Nbd7 5. Bg2 e6 6. c4 c6 7. O-O a5 8. Nc3
Bd6 9. d3 O-O 10. Qc2 Qe7 11. h3 Bxf3 12. exf3 Ba3 13. f4 g6 14. Bxa3 Qxa3 15.
d4 a4 16. Rab1 axb3 17. axb3 Ra6 18. c5 Qb4 19. Rfd1 b6 20. cxb6 Nxb6 21. Na2
Qa3 22. Nc1 Qd6 23. Nd3 Nbd7 24. Rdc1 Rb6 25. Ra1 Qb8 26. b4 Ne8 27. h4 Nd6 28.
h5 Qd8 29. Rd1 Nf5 30. hxg6 hxg6 31. Qb2 Qf6 32. Ra7 Rd8 33. Ne5 Nxe5 34. dxe5
Qg7 35. Qc3 Qf8 36. Rc7 Rc8 37. Rxc8 Qxc8 38. g4 Nh4 39. Bh3 Qf8 40. Qg3 Qe7
41. Ra1 Rb8 42. Ra6 g5 43. Rxc6 gxf4 44. Qxf4 Ng6 45. Qf6 Qxb4 46. Rc7 Qe1+ 47.
Bf1 Nxe5 48. Qg5+ Ng6 49. Qf6 Rf8 50. Kg2 Qb4 51. Be2 Nf4+ 52. Kh2 Qd6 53. Rc6
Qxc6 54. Qxf4 Qc3 55. Kg2 Qg7 56. Qd6 Qf6 57. Qg3 Kg7 58. g5 Qd4 59. Bd3 Rh8
60. g6 f5 61. Be2 Qf6 62. Kf1 Qa1+ 0-1

[Event "M.Chigorin Memorial"]
[Site "St. Petersburg RUS"]
[Date "2009.10.20"]
[Round "5.40"]
[White "Shomoev, Anton"]
[Black "Yaksin, Oleg"]
[Result "1-0"]
[WhiteElo "2566"]
[BlackElo "2385"]
[PlyCount "61"]
[EventDate "2009.??.??"]

1. e4 c5 2. Nf3 Nc6 3. d4 cxd4 4. Nxd4 g6 5. Nc3 Bg7 6. Be3 Nf6 7. Bc4 d6 8. f3
Nd7 9. Qd2 Nb6 10. Be2 Bd7 11. h4 h5 12. O-O-O Ne5 13. b3 Rc8 14. Kb1 a6 15.
Rhe1 e6 16. f4 Ng4 17. Bxg4 hxg4 18. Nde2 Rc6 19. g3 Qc7 20. Bd4 Bxd4 21. Qxd4
Rh5 22. Qg7 e5 23. Rd3 Be6 24. fxe5 Rxe5 25. Nd4 Rcc5 26. Nxe6 Rxe6 27. Qg8+
Ke7 28. Rf1 Rf6 29. Rxf6 Kxf6 30. Qf8 Rxc3 31. Rxc3 1-0

[Event "M.Chigorin Memorial"]
[Site "St. Petersburg RUS"]
[Date "2009.10.20"]
[Round "5.41"]
[White "Lafuente, Pablo"]
[Black "Bodnaruk, Anastasia"]
[Result "1-0"]
[WhiteElo "2559"]
[BlackElo "2384"]
[PlyCount "179"]
[EventDate "2009.??.??"]

1. e4 c5 2. Nf3 d6 3. d4 Nf6 4. Nc3 cxd4 5. Nxd4 a6 6. Be2 e5 7. Nb3 Be7 8. O-O
O-O 9. Re1 Be6 10. Bf3 Nbd7 11. a4 Qc7 12. a5 Rfc8 13. Be3 b5 14. axb6 Nxb6 15.
Na5 Rab8 16. Bd2 d5 17. exd5 Nbxd5 18. Nxd5 Bxd5 19. Bxd5 Nxd5 20. b3 Nb6 21.
Ra2 Rd8 22. Qe2 f6 23. Rc1 Qc8 24. Be1 Nd5 25. Qc4 Qxc4 26. Nxc4 Bb4 27. Kf1
Bxe1 28. Kxe1 Nb4 29. Ra4 Kf7 30. Ne3 Rdc8 31. Kd2 Rc6 32. Nc4 Nd5 33. Rca1 Rd8
34. Kc1 Nc7 35. Kb2 Ke6 36. Na5 Rb6 37. Nc4 Rc6 38. Re1 g5 39. Na5 Rb6 40. Nc4
Rc6 41. g3 Kf5 42. h4 h6 43. h5 Nb5 44. Rea1 Nc7 45. Na5 Rb6 46. Rc4 Rd7 47.
Re1 Nb5 48. g4+ Ke6 49. Rc8 Nd6 50. Rc6 Rxc6 51. Nxc6 Rc7 52. Nb4 a5 53. Nd3
Kd5 54. f3 Rb7 55. Rd1 Kc6 56. Ra1 Kb6 57. Nf2 Rb8 58. Rd1 Kc6 59. Rd3 Rb4 60.
Rc3+ Kd7 61. Nd3 Rd4 62. Nc5+ Ke7 63. Re3 a4 64. Re2 axb3 65. Kxb3 Nc4 66. Ne4
Na5+ 67. Kc3 Rc4+ 68. Kb2 Rb4+ 69. Kc1 Nc4 70. Nc3 Rb8 71. Re4 Rc8 72. Ne2 Nd6
73. Ra4 Rc7 74. Ra6 Rc4 75. Kd2 Rc7 76. Ng3 Nc4+ 77. Kd3 Nb2+ 78. Ke4 Rc4+ 79.
Kf5 Rf4+ 80. Kg6 Rxf3 81. Nf5+ Kd7 82. Kxh6 e4 83. Rd6+ Kc7 84. Re6 Nc4 85.
Rxe4 Ne5 86. Kg7 Rf4 87. Rxf4 gxf4 88. h6 f3 89. h7 f2 90. Ng3 1-0

[Event "M.Chigorin Memorial"]
[Site "St. Petersburg RUS"]
[Date "2009.10.20"]
[Round "5.42"]
[White "Ovetchkin, Roman"]
[Black "Demina, Julia"]
[Result "1-0"]
[WhiteElo "2556"]
[BlackElo "2377"]
[PlyCount "35"]
[EventDate "2009.??.??"]

1. d4 d5 2. c4 c6 3. Nf3 Nf6 4. Qc2 g6 5. Bf4 Bg7 6. e3 Qa5+ 7. Qc3 Qxc3+ 8.
Nxc3 O-O 9. h3 h6 10. a3 dxc4 11. Bxc4 Nbd7 12. e4 Nb6 13. Ba2 a5 14. Ne5 e6
15. Be3 Nfd7 16. f4 Kh7 17. O-O-O f6 18. Nxd7 1-0

[Event "M.Chigorin Memorial"]
[Site "St. Petersburg RUS"]
[Date "2009.10.20"]
[Round "5.43"]
[White "Khuseinkhodzhaev, Muhammad"]
[Black "Ionov, Sergey"]
[Result "0-1"]
[WhiteElo "2391"]
[BlackElo "2554"]
[PlyCount "64"]
[EventDate "2009.??.??"]

1. Nf3 Nf6 2. c4 e6 3. Nc3 Bb4 4. Qc2 O-O 5. g3 d5 6. a3 Be7 7. cxd5 exd5 8. d4
c6 9. Bg2 Re8 10. O-O Nbd7 11. Bf4 Nf8 12. b4 a6 13. h3 g6 14. Qb2 Ne6 15. Rfd1
Nxf4 16. gxf4 Bf5 17. Ne5 Nd7 18. e4 dxe4 19. d5 c5 20. d6 Bf6 21. Nxd7 Qxd7
22. Kh2 cxb4 23. Qxb4 a5 24. Qb3 Ra6 25. Rab1 Rxd6 26. Nd5 Bh4 27. Rb2 a4 28.
Qa2 Rd8 29. Rbd2 Qe6 30. Bf1 Bxf2 31. Bc4 e3 32. Nxe3 Qxe3 0-1

[Event "M.Chigorin Memorial"]
[Site "St. Petersburg RUS"]
[Date "2009.10.20"]
[Round "5.44"]
[White "Zherebukh, Yaroslav"]
[Black "Ivanov, Sergey A"]
[Result "1-0"]
[WhiteElo "2544"]
[BlackElo "2375"]
[PlyCount "87"]
[EventDate "2009.??.??"]

1. e4 c5 2. Nf3 Nc6 3. d4 cxd4 4. Nxd4 Nf6 5. Nc3 e6 6. Nxc6 bxc6 7. e5 Nd5 8.
Ne4 Qc7 9. f4 Qb6 10. c4 Bb4+ 11. Ke2 f5 12. Nf2 Bc5 13. Nd3 Ne3 14. Qb3 Nxf1
15. Rxf1 d5 16. exd6 Bxd6 17. Qxb6 axb6 18. b3 c5 19. Bb2 Bb7 20. g3 Rg8 21.
Be5 Be7 22. a4 Be4 23. Rfd1 O-O-O 24. a5 Kb7 25. Nf2 Bc2 26. Rdc1 Be4 27. Nxe4
fxe4 28. axb6 Kxb6 29. Bc7+ Kxc7 30. Ra7+ Kd6 31. Rd1+ Kc6 32. Rda1 Rb8 33.
R1a6+ Rb6 34. Rxb6+ Kxb6 35. Rxe7 Ka5 36. Rb7 Rc8 37. Ke3 Ka6 38. Rb5 Rc6 39.
Kxe4 Rc8 40. Ke5 Rc6 41. Rb8 Ka5 42. g4 h6 43. h4 Ka6 44. Re8 1-0

[Event "M.Chigorin Memorial"]
[Site "St. Petersburg RUS"]
[Date "2009.10.20"]
[Round "5.45"]
[White "Yevseev, Denis"]
[Black "Pakhomov, Egor"]
[Result "1-0"]
[WhiteElo "2541"]
[BlackElo "2371"]
[PlyCount "69"]
[EventDate "2009.??.??"]

1. Nf3 Nf6 2. c4 d6 3. d4 Nbd7 4. Nc3 e5 5. e4 g6 6. Be2 Bg7 7. O-O O-O 8. Be3
Re8 9. Qc2 Ng4 10. Bg5 f6 11. Bh4 h5 12. h3 Nh6 13. Rad1 c6 14. Rfe1 Nf7 15. b4
Qc7 16. b5 Nf8 17. bxc6 bxc6 18. c5 dxc5 19. dxe5 fxe5 20. Na4 Ne6 21. Nxc5
Nxc5 22. Qxc5 Be6 23. Qc2 Bh6 24. Bg3 Rad8 25. Bc4 Kh7 26. Rxd8 Qxd8 27. Rb1
Qc7 28. Nd4 Bxc4 29. Qxc4 h4 30. Bh2 Rc8 31. Nf3 Qe7 32. Nxh4 Nd6 33. Qc5 Re8
34. Nf3 Nxe4 35. Qxc6 1-0

[Event "M.Chigorin Memorial"]
[Site "St. Petersburg RUS"]
[Date "2009.10.20"]
[Round "5.46"]
[White "Zontakh, Andrey"]
[Black "Shchukin, Dmitry"]
[Result "1-0"]
[WhiteElo "2540"]
[BlackElo "2368"]
[PlyCount "55"]
[EventDate "2009.??.??"]

1. Nf3 Nf6 2. d4 g6 3. c4 Bg7 4. Nc3 d5 5. cxd5 Nxd5 6. g3 c5 7. Bg2 cxd4 8.
Nxd4 Nxc3 9. bxc3 O-O 10. O-O Qa5 11. Qb3 Nc6 12. Be3 Nxd4 13. cxd4 Rb8 14.
Rac1 Bg4 15. Rc2 Rfd8 16. d5 b6 17. Bg5 Bf8 18. e4 Rbc8 19. e5 Rxc2 20. Qxc2
Rxd5 21. Bxd5 Qxd5 22. Re1 Bh3 23. Qe4 Qxa2 24. Qa8 Qa5 25. Rc1 Qa3 26. Bh6 e6
27. Rd1 Bg4 28. Bxf8 1-0

[Event "M.Chigorin Memorial"]
[Site "St. Petersburg RUS"]
[Date "2009.10.20"]
[Round "5.47"]
[White "Biriukov, Oleg V"]
[Black "Abergel, Thal"]
[Result "0-1"]
[WhiteElo "2362"]
[BlackElo "2532"]
[PlyCount "86"]
[EventDate "2009.??.??"]

1. d4 Nf6 2. c4 b6 3. Nc3 Bb7 4. Qc2 d5 5. cxd5 Nxd5 6. Nf3 e6 7. e4 Nxc3 8.
bxc3 Be7 9. Bb5+ c6 10. Bd3 Ba6 11. Bxa6 Nxa6 12. O-O O-O 13. Rd1 Qc8 14. Bf4
Rd8 15. c4 Nc7 16. Rab1 f6 17. a4 c5 18. Bxc7 Qxc7 19. d5 e5 20. Nd2 Rd6 21.
Nf1 Rf8 22. Rb3 g6 23. Re1 Qd7 24. a5 bxa5 25. Reb1 Rc8 26. Rb7 Rc7 27. R7b5
Rb6 28. Rxb6 axb6 29. Rxb6 Ra7 30. Rb3 Qc7 31. Ne3 a4 32. Ra3 Qa5 33. Kf1 Qb4
34. Qa2 Bf8 35. Nd1 Bh6 36. Nc3 Bd2 37. Rxa4 Qxc3 38. Rxa7 Qc1+ 39. Ke2 Qe1+
40. Kd3 Bb4 41. Ra8+ Kg7 42. Qa7+ Kh6 43. Qa1 Qd2# 0-1

[Event "M.Chigorin Memorial"]
[Site "St. Petersburg RUS"]
[Date "2009.10.20"]
[Round "5.48"]
[White "Magomedov, Magaram"]
[Black "Belousov, Danila"]
[Result "1/2-1/2"]
[WhiteElo "2532"]
[BlackElo "2351"]
[PlyCount "35"]
[EventDate "2009.??.??"]

1. d4 d5 2. c4 c6 3. Nf3 Nf6 4. Nc3 Qb6 5. e3 Bf5 6. cxd5 cxd5 7. Ne5 Nc6 8.
Bd2 e6 9. Na4 Qc7 10. Rc1 Bd6 11. Nxc6 bxc6 12. Bb5 O-O 13. Rxc6 Qb8 14. Qb3
Rc8 15. Nc3 Rxc6 16. Bxc6 Qxb3 17. axb3 Rb8 18. Ba4 1/2-1/2

[Event "M.Chigorin Memorial"]
[Site "St. Petersburg RUS"]
[Date "2009.10.20"]
[Round "5.49"]
[White "Lintchevski, Daniil"]
[Black "Gerasimov, Ivan"]
[Result "1/2-1/2"]
[WhiteElo "2499"]
[BlackElo "2344"]
[PlyCount "56"]
[EventDate "2009.??.??"]

1. e4 c5 2. Nf3 d6 3. d4 cxd4 4. Nxd4 Nf6 5. Nc3 a6 6. Be2 e5 7. Nb3 Be7 8. O-O
O-O 9. Be3 Be6 10. Qd2 Nbd7 11. a4 Qc7 12. a5 Qc6 13. Bf3 Rac8 14. Rfd1 h6 15.
Rac1 Qc7 16. Nd5 Bxd5 17. exd5 Nh7 18. c4 f5 19. c5 f4 20. cxd6 Qxd6 21. Ba7
Nhf6 22. Qe2 Qb4 23. Nd2 Rxc1 24. Rxc1 Qxa5 25. g3 Qb4 26. gxf4 Qxf4 27. Rc4
Qg5+ 28. Kh1 Bd6 1/2-1/2

[Event "M.Chigorin Memorial"]
[Site "St. Petersburg RUS"]
[Date "2009.10.20"]
[Round "5.50"]
[White "Dzhumagaliev, Yan"]
[Black "Shinkevich, Vitaly"]
[Result "0-1"]
[WhiteElo "2358"]
[BlackElo "2496"]
[PlyCount "70"]
[EventDate "2009.??.??"]

1. d4 d5 2. c4 e6 3. Nc3 c6 4. e4 Bb4 5. Bd2 dxc4 6. Nf3 b5 7. Be2 Nf6 8. Qc2
Bb7 9. O-O Be7 10. Rad1 Nbd7 11. Bg5 h6 12. Bc1 a6 13. a4 Rc8 14. e5 Nd5 15.
Qe4 b4 16. Nb1 c3 17. bxc3 bxc3 18. Na3 c5 19. Qg4 Kf8 20. Nc4 h5 21. Qg3 c2
22. Rd3 Kg8 23. Ng5 Nb4 24. f4 Nxd3 25. Bxd3 Nf8 26. f5 Qxd4+ 27. Kh1 Bxg5 28.
Bxg5 h4 29. Qh3 Be4 30. fxe6 Nxe6 31. Rxf7 Nxg5 32. Qxc8+ Kxf7 33. Qc7+ Kg6 34.
Bxe4+ Nxe4 35. Qc6+ Kh7 0-1

[Event "M.Chigorin Memorial"]
[Site "St. Petersburg RUS"]
[Date "2009.10.20"]
[Round "5.51"]
[White "Fedoseev, Vladimir"]
[Black "Krylov, Mikhail"]
[Result "1/2-1/2"]
[WhiteElo "2352"]
[BlackElo "2489"]
[PlyCount "113"]
[EventDate "2009.??.??"]

1. e4 g6 2. d4 Bg7 3. Nf3 d6 4. Be2 Nf6 5. Nc3 O-O 6. O-O a6 7. a4 b6 8. Be3
Bb7 9. e5 dxe5 10. Nxe5 Nfd7 11. Bf3 Nxe5 12. Bxb7 Ra7 13. dxe5 Qxd1 14. Raxd1
Rxb7 15. f4 f6 16. exf6 Bxf6 17. Bd4 Bxd4+ 18. Rxd4 c5 19. Re4 Rd7 20. a5 bxa5
21. Na4 Rd2 22. c3 Nc6 23. g3 Rf5 24. Rf2 Rd1+ 25. Kg2 Rdd5 26. Nb6 Rd1 27. Nc4
Rf6 28. Ne3 Re1 29. Kf3 Rd6 30. Re2 Rc1 31. Nc4 Nd4+ 32. cxd4 Rxc4 33. dxc5
Rxc5 34. Rxe7 Rf5 35. Ra7 Rf7 36. Rxf7 Kxf7 37. g4 a4 38. g5 Rb6 39. h4 Rb7 40.
Kg4 Kg7 41. h5 gxh5+ 42. Kxh5 Rb3 43. f5 a3 44. bxa3 Rxa3 45. Re7+ Kg8 46. g6
hxg6+ 47. Kxg6 Rg3+ 48. Kf6 Rb3 49. Re8+ Kh7 50. Kf7 a5 51. f6 Rb7+ 52. Re7 Rb8
53. Ra7 a4 54. Ra5 Rb7+ 55. Ke6 Kg6 56. Ra6 a3 57. Rxa3 1/2-1/2

[Event "M.Chigorin Memorial"]
[Site "St. Petersburg RUS"]
[Date "2009.10.20"]
[Round "5.53"]
[White "Gu, Xiaobing"]
[Black "Levin, Evgeny A"]
[Result "0-1"]
[WhiteElo "2339"]
[BlackElo "2450"]
[PlyCount "120"]
[EventDate "2009.??.??"]

1. e4 e6 2. d4 d5 3. Nd2 Nf6 4. e5 Nfd7 5. f4 c5 6. c3 Nc6 7. Ndf3 Qb6 8. a3
cxd4 9. cxd4 Na5 10. Ne2 Be7 11. Nc3 Qb3 12. Bd3 Qxd1+ 13. Kxd1 Nb6 14. Kc2 Bd7
15. b3 O-O 16. h4 f6 17. Kb2 Nc6 18. Bd2 a5 19. Rae1 a4 20. b4 Rac8 21. h5 f5
22. Reg1 Nd8 23. Rc1 Nc4+ 24. Bxc4 Rxc4 25. Be3 Rc8 26. Ne1 b6 27. Nd3 Nf7 28.
Rc2 Nh6 29. Rhc1 Rc4 30. Kb1 Ra8 31. Nb2 Rcc8 32. Ncd1 Rxc2 33. Rxc2 Bd8 34.
Nc3 Be8 35. Ka2 Bxh5 36. Ncxa4 Be8 37. Kb3 Ng4 38. Bc1 Bb5 39. Nc3 Bf1 40. Ncd1
b5 41. Nf2 Bh4 42. Nfd3 Bg3 43. a4 bxa4+ 44. Ka3 h5 45. Nc5 Kf7 46. Nbd3 Rc8
47. Rb2 Bxd3 48. Nxd3 Rc3+ 49. Ka2 Rxd3 50. b5 Bf2 51. b6 Bxd4 52. b7 Ba7 53.
Bd2 Ne3 54. Bb4 Nc4 55. Bc5 Nxb2 56. Bxa7 Rb3 57. b8=Q Rxb8 58. Bxb8 Nc4 59.
Ba7 g5 60. fxg5 Kg6 0-1

[Event "M.Chigorin Memorial"]
[Site "St. Petersburg RUS"]
[Date "2009.10.20"]
[Round "5.56"]
[White "Zhigalko, Andrey"]
[Black "Agaragimov, Djakhangir"]
[Result "1/2-1/2"]
[WhiteElo "2601"]
[BlackElo "2313"]
[PlyCount "93"]
[EventDate "2009.??.??"]

1. d4 Nf6 2. c4 g6 3. Nc3 Bg7 4. e4 d6 5. Bg5 O-O 6. Qd2 c5 7. d5 e6 8. Be2
exd5 9. exd5 a6 10. a4 Re8 11. Nf3 Bg4 12. O-O Nbd7 13. h3 Bxf3 14. Bxf3 Qb6
15. Qc2 Re5 16. Bf4 Re7 17. Rfe1 Rae8 18. Rxe7 Rxe7 19. a5 Qc7 20. Be2 Nf8 21.
Bd3 Re8 22. Bd2 N6d7 23. Bf1 f5 24. Ne2 Nf6 25. Rb1 Ne4 26. Be1 Bh6 27. b4 Nd7
28. b5 Ne5 29. Nc3 Ng5 30. Be2 Nd7 31. Bd2 Nf7 32. Bxh6 Nxh6 33. Qa4 Ra8 34. g4
fxg4 35. bxa6 Rxa6 36. Bxg4 Nxg4 37. hxg4 Rxa5 38. Rxb7 Rxa4 39. Rxc7 Ra1+ 40.
Kg2 Ne5 41. Ne4 Nxc4 42. Nf6+ Kf8 43. Rxh7 Rd1 44. Rd7 g5 45. f3 Rd2+ 46. Kg3
Ne3 47. Nh7+ 1/2-1/2

[Event "M.Chigorin Memorial"]
[Site "St. Petersburg RUS"]
[Date "2009.10.20"]
[Round "5.57"]
[White "Al Sayed, Mohamad N"]
[Black "Khakimov, Timur"]
[Result "1/2-1/2"]
[WhiteElo "2515"]
[BlackElo "2291"]
[PlyCount "134"]
[EventDate "2009.??.??"]

1. d4 d5 2. c4 c6 3. Nc3 Nf6 4. e3 e6 5. Nf3 Nbd7 6. Qc2 b6 7. Bd3 Ba6 8. b3
Bb4 9. O-O O-O 10. Bb2 Rc8 11. Rac1 c5 12. cxd5 Bxd3 13. Qxd3 Bxc3 14. Bxc3
Nxd5 15. Bb2 Nb4 16. Qb1 Qe7 17. a3 Nd5 18. Qd3 Rfd8 19. e4 N5f6 20. Qe2 Rc7
21. Rc2 Rdc8 22. Rd1 cxd4 23. Rxc7 Rxc7 24. Nxd4 Nc5 25. f3 h6 26. Qb5 Qd7 27.
b4 e5 28. Qe2 exd4 29. Bxd4 Qe6 30. bxc5 bxc5 31. Bc3 Nd7 32. h4 Nb6 33. Rd8+
Kh7 34. f4 Re7 35. e5 Qf5 36. Qf3 h5 37. Qg3 Re6 38. Qg5 Qxg5 39. hxg5 Kg6 40.
Kf2 Kf5 41. Kf3 Re7 42. g6 fxg6 43. Rf8+ Ke6 44. g4 hxg4+ 45. Kxg4 Nd5 46. Bd2
Rd7 47. Bc1 c4 48. Rc8 Rc7 49. Rd8 Ne7 50. Rd6+ Kf7 51. Kf3 Nf5 52. Ra6 Nd4+
53. Ke4 Nb3 54. Be3 c3 55. Rxa7 Rxa7 56. Bxa7 c2 57. Be3 c1=Q 58. Bxc1 Nxc1 59.
a4 Na2 60. a5 Nb4 61. f5 g5 62. Kf3 Nc6 63. e6+ Kf6 64. a6 g6 65. fxg6 Kxg6 66.
Ke4 Kf6 67. e7 Kxe7 1/2-1/2

[Event "M.Chigorin Memorial"]
[Site "St. Petersburg RUS"]
[Date "2009.10.20"]
[Round "5.58"]
[White "Pavlov, Sergey"]
[Black "Bazeev, German"]
[Result "1-0"]
[WhiteElo "2507"]
[BlackElo "2274"]
[PlyCount "81"]
[EventDate "2009.??.??"]

1. Nf3 Nf6 2. c4 e6 3. g3 d5 4. Bg2 Be7 5. d4 O-O 6. O-O c6 7. Nc3 b6 8. Ne5
Bb7 9. e4 dxc4 10. Nxc4 Ba6 11. b3 Nbd7 12. Bb2 b5 13. Ne3 Qb6 14. Qc2 Rac8 15.
Rfd1 Qb8 16. a4 b4 17. Ne2 c5 18. d5 e5 19. f4 c4 20. Nxc4 Bc5+ 21. Kh1 Bxc4
22. bxc4 Ng4 23. Bh3 Ne3 24. Qd3 Nxd1 25. Rxd1 Qc7 26. d6 Qc6 27. fxe5 Rcd8 28.
a5 Bf2 29. Rf1 Nc5 30. Qd5 Qxd5 31. exd5 Nd3 32. Ba1 Bc5 33. Bf5 Nf2+ 34. Kg2
g6 35. Bd4 gxf5 36. Rxf2 Rc8 37. d7 Rc7 38. Bxc5 Rxc5 39. e6 fxe6 40. dxe6 Re5
41. Nd4 1-0

[Event "M.Chigorin Memorial"]
[Site "St. Petersburg RUS"]
[Date "2009.10.20"]
[Round "5.59"]
[White "Dolzhikova, Kateryna"]
[Black "Lanin, Alexsej"]
[Result "1-0"]
[WhiteElo "2272"]
[BlackElo "2446"]
[PlyCount "111"]
[EventDate "2009.??.??"]

1. e4 c5 2. Nf3 d6 3. d4 cxd4 4. Qxd4 Nf6 5. Nc3 a6 6. Bg5 Nc6 7. Qd2 h6 8. Bh4
b5 9. Bd3 g5 10. Bg3 Nh5 11. Nd5 Bg7 12. a4 Rb8 13. axb5 axb5 14. c3 b4 15. O-O
bxc3 16. bxc3 Nxg3 17. hxg3 e6 18. Ne3 h5 19. Rab1 g4 20. Rxb8 Nxb8 21. Rb1 Nd7
22. Nd4 Ne5 23. Nc4 Nxc4 24. Bxc4 h4 25. Rb8 O-O 26. gxh4 Qxh4 27. g3 Qe7 28.
Nb5 Be5 29. Rb6 Rd8 30. Qh6 Bd7 31. Nxd6 Be8 32. Nf5 Qf6 33. Qh5 Kf8 34. Ne3
Bxc3 35. Nxg4 Qd4 36. Qh6+ Qg7 37. Qh4 Rc8 38. Bb5 Bd4 39. Rb7 Bxb5 40. Rxb5
Bc5 41. e5 Qg6 42. Qh8+ Qg8 43. Qh5 Qg7 44. Rb3 Be7 45. Rf3 Bg5 46. Nf6 Bxf6
47. exf6 Qg6 48. Qh8+ Qg8 49. Qh6+ Ke8 50. Qf4 Qh7 51. Kg2 Qc2 52. Qg4 Kd7 53.
Qd4+ Ke8 54. Rd3 Qc6+ 55. Kh2 Qb5 56. Rd1 1-0

[Event "M.Chigorin Memorial"]
[Site "St. Petersburg RUS"]
[Date "2009.10.20"]
[Round "5.60"]
[White "Lovkov, Roman"]
[Black "Solovjova, Valentina"]
[Result "1/2-1/2"]
[WhiteElo "2435"]
[BlackElo "2257"]
[PlyCount "125"]
[EventDate "2009.??.??"]

1. d4 d5 2. c4 c6 3. Nf3 Nf6 4. Nc3 e6 5. e3 Nbd7 6. Bd3 dxc4 7. Bxc4 b5 8. Bd3
Bb7 9. O-O a6 10. a4 b4 11. Ne4 Nxe4 12. Bxe4 Nf6 13. Bc2 c5 14. a5 Be7 15.
Ba4+ Kf8 16. Qe2 Qxa5 17. e4 Qb6 18. dxc5 Bxc5 19. Ne5 h6 20. Bf4 Ke7 21. Nc4
Qa7 22. Na5 Rhc8 23. e5 Nd5 24. Bd2 Qb6 25. Nc4 Qd8 26. Qg4 Kf8 27. Rfd1 Bc6
28. Bc2 Qc7 29. Rac1 a5 30. Qh3 Qa7 31. Kh1 Rd8 32. b3 Bb5 33. Be4 a4 34. bxa4
Bxa4 35. Re1 Rab8 36. f4 b3 37. f5 exf5 38. Qxf5 b2 39. Rb1 Bb3 40. Na5 Ne7 41.
Qh7 Rxd2 42. Nxb3 Rxb3 43. Qh8+ Ng8 44. Bh7 Re3 45. Rf1 Qa2 46. Qxg8+ Ke7 47.
Qxg7 Rf2 48. Qxh6 Ree2 49. Qg5+ Ke8 50. e6 Qxe6 51. Qxc5 Rxg2 52. Qb5+ Kf8 53.
Qb8+ Kg7 54. Qg8+ Kh6 55. Qxg2 Rxg2 56. Kxg2 Qe2+ 57. Rf2 Qg4+ 58. Kh1 Kxh7 59.
Rfxb2 Qe4+ 60. Kg1 Qe3+ 61. Rf2 Kg7 62. Rbf1 Qd4 63. Kh1 1/2-1/2

[Event "M.Chigorin Memorial"]
[Site "St. Petersburg RUS"]
[Date "2009.10.20"]
[Round "5.61"]
[White "Zakharchenko, Arnold"]
[Black "Matsenko, Sergei"]
[Result "0-1"]
[WhiteElo "2255"]
[BlackElo "2429"]
[PlyCount "88"]
[EventDate "2009.??.??"]

1. d4 d5 2. c4 e6 3. Nc3 c6 4. Nf3 Nf6 5. cxd5 exd5 6. Bf4 Bf5 7. e3 Be7 8. Bd3
Bxd3 9. Qxd3 Nbd7 10. h3 O-O 11. O-O Re8 12. a3 a5 13. Rac1 Nb6 14. Qc2 Bd6 15.
Bxd6 Qxd6 16. Na4 Nxa4 17. Qxa4 Ne4 18. Qb3 Qe7 19. a4 g6 20. Rc2 Kg7 21. Ne5
h5 22. Nd3 h4 23. Nc5 Nd6 24. Qc3 Ra7 25. Re1 Qg5 26. Rce2 f5 27. Nd3 Ne4 28.
Qb3 Re7 29. Ne5 Ra8 30. Qa3 Qf6 31. Nd3 g5 32. Nc5 Nd6 33. Qc3 Qg6 34. Nd3 Ne4
35. Qc2 Rae8 36. Nc5 Nd6 37. Nd3 Qf6 38. b3 Kg8 39. Qb2 Rg7 40. Kh1 Ne4 41. Qc2
Kh8 42. Nc5 g4 43. Nxe4 fxe4 44. hxg4 Rxg4 0-1

[Event "M.Chigorin Memorial"]
[Site "St. Petersburg RUS"]
[Date "2009.10.20"]
[Round "5.62"]
[White "Bukavshin, Ivan"]
[Black "Maevsky, Nikolay"]
[Result "1-0"]
[WhiteElo "2417"]
[BlackElo "2273"]
[PlyCount "93"]
[EventDate "2009.??.??"]

1. e4 c6 2. d4 d5 3. Nc3 dxe4 4. Nxe4 Bf5 5. Ng3 Bg6 6. h4 h6 7. Nf3 Nd7 8. h5
Bh7 9. Bd3 Bxd3 10. Qxd3 e6 11. Bf4 Qa5+ 12. Bd2 Bb4 13. c3 Be7 14. c4 Qc7 15.
O-O-O Ngf6 16. Kb1 Rd8 17. Qe2 O-O 18. Bc3 Rfe8 19. Ne5 c5 20. Nxd7 Rxd7 21. d5
Red8 22. Be5 Qb6 23. Rhe1 exd5 24. Nf5 Qe6 25. Qf3 dxc4 26. Rxd7 Qxd7 27. Bc3
Re8 28. Rd1 Qc7 29. g4 Qc6 30. Qxc6 bxc6 31. f3 Kf8 32. a4 Rd8 33. Re1 Rd7 34.
a5 a6 35. Kc2 Bd8 36. f4 Ne8 37. Re4 f6 38. Rxc4 Be7 39. Re4 Nd6 40. Rxe7 Rxe7
41. Nxd6 Re2+ 42. Kb3 Rg2 43. Nb7 Rxg4 44. Nxc5 Ke7 45. Nxa6 Kd8 46. Nc5 Kc7
47. f5 1-0

[Event "M.Chigorin Memorial"]
[Site "St. Petersburg RUS"]
[Date "2009.10.20"]
[Round "5.63"]
[White "Vunder, Andrey"]
[Black "Gorovykh, Eduard"]
[Result "1/2-1/2"]
[WhiteElo "2246"]
[BlackElo "2403"]
[PlyCount "66"]
[EventDate "2009.??.??"]

1. d4 Nf6 2. Nf3 g6 3. Bg5 Bg7 4. Nbd2 d6 5. c3 h6 6. Bh4 g5 7. Bg3 Nh5 8. e4
e6 9. Nc4 Qe7 10. Nfd2 Nxg3 11. hxg3 Nc6 12. Ne3 Bd7 13. Bd3 O-O-O 14. Qe2 Kb8
15. O-O-O a6 16. Ndc4 Na7 17. Kb1 Rc8 18. e5 d5 19. Na5 c5 20. dxc5 Rxc5 21.
Nb3 Rc7 22. f4 Ba4 23. Nc2 Nc6 24. Qe3 Bxb3 25. axb3 f6 26. exf6 Qxf6 27. Rhe1
e5 28. fxe5 Nxe5 29. Be2 Rd8 30. Bf3 Rcd7 31. Nd4 Qg6+ 32. Ka2 h5 33. Be2 Rf8
1/2-1/2